Object oriented programming using c ++ / (Record no. 40730)

MARC details
000 -LEADER
fixed length control field 00814nam a22002297a 4500
005 - DATE AND TIME OF LATEST TRANSACTION
control field 20100810112328.0
010 ## - LCCN (DPL NO)
LC control number ENG-99263
020 ## - INTERNATIONAL STANDARD BOOK NUMBER
Terms of availability 125.00
International Standard Book Number 9789350012048
035 ## - SYSTEM CONTROL NUMBER
System control number EN-82795
037 ## - SOURCE OF ACQUISITION
Source of stock number/acquisition DBAD/PUB
082 ## - DEWEY DECIMAL CLASSIFICATION NUMBER
Classification number 005.133
100 ## - MAIN ENTRY--PERSONAL NAME
Personal name Karthikeyan. K.
245 ## - TITLE STATEMENT
Title Object oriented programming using c ++ /
Statement of responsibility, etc by K. Karthikeyan
260 ## - PUBLICATION, DISTRIBUTION, ETC. (IMPRINT)
Place of publication, distribution, etc Perambalur [Tamilnadu]
Name of publisher, distributor, etc Mercury Publishers
Date of publication, distribution, etc 2009
270 ## - ADDRESS
Address Ganesh Complex,
City Perambalur [Tamilnadu]
Postal code 621212
300 ## - PHYSICAL DESCRIPTION
Extent 189p.:
Dimensions 28cm (pbk)
Other physical details ill
500 ## - GENERAL NOTE
General note Includes references
650 ## - SUBJECT ADDED ENTRY--TOPICAL TERM
Topical term or geographic name as entry element Computer progamming
700 ## - ADDED ENTRY--PERSONAL NAME
9 (RLIN) 10155
942 ## - ADDED ENTRY ELEMENTS (KOHA)
Source of classification or shelving scheme Dewey Decimal Classification
Item type English Books
Classification part 005.133
Call number suffix KAR
Holdings
Withdrawn status Lost status Not for loan Collection code Home library Current library Date acquired Source of acquisition Cost, normal purchase price Full call number Barcode Copy number Cost, replacement price Koha item type
    Not For Loan Non-fiction D.B.Act.Division D.B.Act.Division 10/08/2010 DBAD/PUB 125.00 005.133 KAR EN-82795 1 125.00 English Books

© Delhi Public Library
Hit Counter
free hit counter